000 00415nam a2200169Ia 4500
001 14701
005 20260306164933.0
008 260306t9999||||xx |||||||||||||| ||spa||
041 _aESP
082 _a515.723
_bC24
100 _aCampoblanco Virhuez, Reynaldo A.
_eAUT
245 0 _aTransformadas de Laplace
300 _a365 páginas :
_c22 cm.
650 _aGEN
654 _aCMA
942 _cLIB
_dJUS
_fJUS
_2ddc
_n
999 _c14701
_d14701